000 01440cam a2200289 a 4500
001 174831
005 20220326193305.0
008 980908s1998 sp a b 001 0 spa
010 _a 98192866
020 _a8477749256
035 _a(DLC) 98192866
040 _aDLC
_cDLC
_dDLC
082 0 0 _a111.85
_bJ61n
100 _aJosé Jimenez et all (editor)
_91661
245 0 3 _aEl nuevo espectador /
_cJiménez, José, editor ; Buchloh, Benjamin ... [et al.].
260 _aMadrid :
_bFundación Argentaria :
_bUA Ediciones :
_bVisor,
_c1998.
300 _a128 p. :
_bill. ;
_c24 cm.
440 0 _aColección Debates sobre arte ;
_v5
_91662
504 _aIncludes bibliographical references and indexes.
505 _tMas allá de la contemplación estética
_rJosé Jiménez
_tLa moral problematica de lo estetico
_rHans Robert Jauss
_tPidgin. Anotaciones sobre el escenario contemporáneo de la estética
_rFieter Buchloh
_tModelos de interacción: cine y vídeo en nueva era de los medios de comunicación.
_rJohn G. Hanhardt
_tPalabras Vacías
_rNacho Criado
_tEl laberinto de la estética
_rEugenio Trías
650 0 _aAesthetics.
_91663
650 0 _aArts
_xPhilosophy.
_91664
700 1 _aJiménez, José,
_d1951-
_91665
700 1 _aBuchloh, B. H. D.
_91666
906 _a7
_bcbc
_corignew
_d3
_encip
_f19
_gy-gencatlg
999 _c348
_d348